000 00581nam a2200181 a 4500
001 000039744
005 20201002033717.0
008 130718s1981 sp 000 0 spa d
020 _a8449952441
040 _aDO-SdBNP
_bspa
_cBNPHU
100 1 _aSanta Cruz, Mercedes
_965935
240 1 0 _aLa havane
_lEspañol
245 1 3 _aLa Habana /
_cMercedes Santa Cruz ; traducción de Amalia E. Bacardí ; Pedro Laín Entralgo.
260 _aMadrid :
_b[s.n.],
_c1981.
300 _a403 p. ;
_c22 cm.
700 1 _aBacardí, Amalia E.,
_etrad.
_965936
700 1 _aLaín Entralgo, Pedro
_93059
999 _c39234
_d39234